000 00488nam a2200181Ia 4500
001 58218
008 140507s9999 xx 000 0 und d
020 _a9783034608213
040 _cPK-LaUMT
082 _a 712
_bNOR-O
100 _aNorth, Alissa
245 _aOperative landscapes
_bbuilding communities through public space
_cNorth, Alissa
260 _aBasel,Switzerland:
_bBirkhauser,
_c2013
300 _a200 p.
546 _aEN
650 _aLandscape architecture
942 _cBK
999 _c55484
_d55484